| 000 | 00589nam a22002057a 4500 | ||
|---|---|---|---|
| 003 | OSt | ||
| 005 | 20250807033309.0 | ||
| 006 | a | ||
| 008 | 240715b |||||||| |||| 00| 0 eng d | ||
| 020 | _a9786218029170 | ||
| 040 |
_aDWCL-Main Lib. _cOC |
||
| 082 | _aFil. 657.044 M654i 2023 | ||
| 100 | _aMillan, Zeus Vernon | ||
| 245 |
_aIntermediate accounting 2 / _cZeus Vernon Millan |
||
| 250 | _a2023 edition | ||
| 260 |
_aBaguio City : _bBandolin enterprise, _cc2023. |
||
| 300 |
_axvi, 722 pages : _billustrations ; _c22cm. |
||
| 650 | _a1. Accounting. | ||
| 942 |
_2ddc _cBK - FIL _kFil. _n0 |
||
| 999 |
_c2216 _d2216 |
||